000 00696nam a2200289Ia 4500
005 20260324124700.0
008 008 260324s9999 xx 000 0 eng d
020 _a9781315615318
037 _aEBOOK
040 _aCRL
040 _beng
040 _cCRL
041 _2eng
041 _aeng
084 _qCRL
100 _aKristina Myrvold
245 4 _aThe Death of Sacred Texts
245 0 _bRitual Disposal and Renovation of Texts in World Religions
260 _bTaylor and Francis
260 _c2010
365 _a
365 _b240
856 _uhttp://www.taylorfrancis.com/books/9781315615318
942 _cEBOOK
999 _c1769684
_d1769684